| 000 | 00531nam a22001937a 4500 | ||
|---|---|---|---|
| 003 | OSt | ||
| 005 | 20140310181742.0 | ||
| 008 | 130323t xxu||||| |||| 00| 0 eng d | ||
| 020 | _a9780801067433 | ||
| 050 |
_aBT 1103 _b.C781 2008 |
||
| 082 |
_aTR 239 _bC79 2008 |
||
| 245 |
_aWhen God goes to Starbucks : _ba guide to everyday apologetics / _cPaul Copan |
||
| 260 |
_aGrand Rapids, Mich. _bBaker Books _cc2008. |
||
| 300 |
_a 221 p. _c 22 cm |
||
| 521 | _aFaculty | ||
| 541 | _j1 | ||
| 562 | _e1 | ||
| 942 |
_2lcc _cBK-TR _kTR |
||
| 999 |
_c2807 _d2807 |
||